Statystyki dla Miasta na literę S w województwie podlaskim #2

Kliknij tutaj aby rozwiązać quiz!

Ogólne statystyki

  • Ten quiz został rozwiązany 23 razy
  • Średni wynik to 6 z 10

Statystyki odpowiedzi

L.MMiasto% Poprawnych
68 839Suwałki
95%
14 391Siemiatycze
86%
18 063Sokółka
81%
5 260Sejny
71%
2 196Suchowola
62%
4 621Supraśl
57%
3 442Szczuczyn
57%
992Suraż
52%
2 209Szepietowo
48%
2 027Stawiski
33%

Rozkład punktacji

Percentyl według liczby udzielonych odpowiedzi

Procent ludzi z każdym wynikiem

Twoja historia wyników

Nie rozwiązałeś tego quizu